[Event "Interzonal-16"]
[Site "Biel"]
[Date "1993.??.??"]
[Round "4"]
[White "Hjartarson, Johann"]
[Black "Pigusov, Evgeny"]
[Result "0-1"]
[WhiteElo "2605"]
[BlackElo "2585"]
[Annotator "Ambroz,J"]
[PlyCount "134"]
[EventDate "1993.07.16"]
[EventType "swiss"]
[EventRounds "13"]
[EventCountry "SUI"]
[SourceTitle "CBM 037"]
[Source "ChessBase"]
[SourceDate "1993.12.01"]
[SourceVersion "1"]
[SourceVersionDate "1993.12.01"]
[SourceQuality "1"]

1. d4 Nf6 2. c4 e6 3. Nc3 Bb4 4. e3 c5 5. Bd3 Nc6 6. Nge2 cxd4 7. exd4 d5 8.
cxd5 Nxd5 9. O-O O-O 10. Bc2 (10. a3 Nxc3 11. bxc3 Bd6 12. Ng3 f5 $5 {
Byhovskij,Av-Tunik, Rossija 1992}) 10... Re8 $1 (10... Be7 11. Qd3 g6 12. a3 b6
13. Bh6 Re8 14. Rad1 Bb7 15. Rfe1 Rc8 16. Qg3 $5 {Schipkov-Siklosi, Kecskemet
1993}) 11. Qd3 g6 12. Rd1 Bf8 13. Qf3 Bg7 14. Be3 $5 $146 (14. Be4 Nxc3 15.
bxc3 e5 $5 (15... Ne5 16. Qg3 Nc4 17. Bd3 $14 {Timoshchenko-Arnason, Helsinki
1986}) 16. Ba3 exd4 17. Nxd4 Ne5 $10 {Lautier-Cebalo, Paris 1988}) (14. Ne4 h6
$1 15. Bb3 Na5 16. Ba4 Bd7 $1 $10 {Hjartarson-Andersson, Szirak 1987}) 14...
Nce7 (14... Nxe3 $5 15. fxe3 Nb4 16. Bb3 Nd5 17. e4 Nxc3 18. bxc3 Qc7 19. c4 (
19. e5 Bd7 20. c4 Bc6 (20... b5 $5) 21. d5 $6 Bd7 $1 $17) 19... Bd7 20. Rac1
$13) 15. Bg5 Qb6 16. Na4 Qd8 17. Nac3 Qb6 18. Bb3 (18. Na4 Qd8 19. Nac3 Qb6 $10
) 18... Bd7 19. h4 (19. Ne4 Bc6 20. Qh3 (20. Nd6 Rf8 21. Rac1 h6) 20... Bb5 $5
21. N2c3 Bc6 $10) 19... Bc6 20. Qh3 h6 $1 21. Bxe7 (21. Bd2 Rad8) 21... Nxe7 $1
{><d4} 22. Rd3 $2 (22. Rd2 $142) 22... Rad8 23. Rad1 Rd6 24. h5 g5 25. R3d2
Red8 26. Qd3 (26. Qe3 Nf5) 26... Bxd4 $1 (26... e5 27. Qc4) 27. Nxd4 Rxd4 28.
Qxd4 Rxd4 29. Rxd4 Nf5 $17 30. Rd8+ Kg7 31. Ne2 Nh4 32. R8d6 Nxg2 $138 (32...
Qc5 $1 33. Nd4 Bxg2 (33... Qxd6 $2 34. Nxe6+ $18 (34. Nf5+ $2 Nxf5 $19)) 34.
Rd7 (34. Bxe6 Qxd6 35. Nf5+ Nxf5 36. Rxd6 Nxd6 $19) 34... Kf6 $19) 33. Rxc6
Qxc6 34. Nd4 Qe4 35. f3 Qh4 36. Kxg2 Qxh5 $17 37. Rh1 (37. Nxe6+ fxe6 38. Bxe6
Qe8 $19) (37. Bc2 g4 38. fxg4 Qxg4+ 39. Kf2 Qf4+ 40. Nf3 e5 $17) 37... Qg6 38.
Ne2 h5 $1 39. Ng3 h4 40. Ne4 Qf5 {/\ g4} (40... f5 41. Nc5 $13) 41. Bd1 (41.
Nf2 Qe5) 41... Qf4 42. b3 f5 43. Nf2 b5 44. a4 b4 45. Be2 Qe5 $19 46. Bc4 Qg3+
47. Kf1 Qxf3 48. Rh3 (48. Bxe6 g4) 48... Qf4 49. Bxe6 g4 50. Rxh4 Qc1+ 51. Ke2
(51. Kg2 Qc6+) 51... Qc2+ 52. Kf1 Qc1+ (52... g3 53. Nh3 Qd3+ 54. Kg2 Qe2+ 55.
Kxg3 Qxe6) 53. Ke2 Qb2+ 54. Kf1 Qf6 55. Bxf5 Qxh4 56. Bxg4 Kf6 57. Be2 Ke5 58.
Bc4 Kd4 59. Nd1 Qh2 60. Ke1 a5 61. Nf2 Qg3 62. Ke2 Qe3+ 63. Kf1 Qd2 64. Kg1 Qc2
65. Kf1 Ke3 66. Ng4+ Kf3 67. Ne5+ Kf4 0-1

[Event "Burgas Black Sea"]
[Site "Burgas"]
[Date "2012.09.18"]
[Round "9"]
[White "Atalik, Suat"]
[Black "Jobava, Baadur"]
[Result "1/2-1/2"]
[WhiteElo "2603"]
[BlackElo "2734"]
[Annotator "Atalik,S"]
[PlyCount "106"]
[EventDate "2012.09.12"]
[EventType "tourn"]
[EventRounds "10"]
[EventCountry "BUL"]
[EventCategory "18"]
[SourceTitle "CBM 151"]
[Source "ChessBase"]
[SourceDate "2012.11.13"]
[SourceVersion "1"]
[SourceVersionDate "2012.11.13"]
[SourceQuality "1"]

1. d4 Nf6 2. c4 e6 3. Nc3 Bb4 4. e3 c5 5. Bd3 d5 ({I was ready to play against
the Hübner line with} 5... Nc6 6. Nf3 Bxc3+ 7. bxc3 d6 8. O-O e5 9. Nd2 O-O 10.
Re1 h6 $5 (10... b6 $5)) 6. cxd5 (6. Nf3 cxd4 7. exd4 dxc4 8. Bxc4 Qc7 9. Qe2
O-O 10. O-O Bxc3 11. bxc3 Nbd7 (11... b6 12. Ba3 Re8 13. Ne5 $13) 12. Ba3 Re8
13. Rac1 b6 14. Ne5 Bb7 15. f4 a6 16. Bd3 (16. Bb3 b5 17. c4 Qa5 18. Bb2 $13)
16... b5 17. c4 Qa5 18. Bd6 $13) 6... Nxd5 (6... exd5 $6 7. Nge2 O-O 8. O-O $16
{is better for White.}) 7. Nge2 cxd4 8. exd4 Nc6 9. O-O (9. Bc2 Bd6 $5) 9...
O-O 10. Be4 $5 {The end product of ignorance.} (10. Qb3 Be7) (10. Bc2 Re8 (
10... Nf6 11. Bg5 Be7 12. a3 b6 13. Qd3 g6 14. Rad1 Bb7 15. Rfe1 Re8 16. h4 $40
) 11. Qd3 g6 12. Rd1 Bf8 13. Qf3 Bg7 14. Ne4 h6 {is very solid.}) (10. Nxd5
$142 $1 exd5 (10... Qxd5 11. Qc2 $40) 11. Nf4 $36) 10... Bd6 (10... Nf6 11. Bf3
) 11. Bxd5 $6 {Remember Saidy-Fischer? However there existed a serious
alternative!} (11. Qd3 $5 Nf6 (11... h6 12. a3) (11... Qh4 12. g3 Qh5 13. Bf3
Ndb4 14. Qe4 Qg6 15. Qxg6 hxg6 16. Rd1 Ne7 17. Bf4 Bxf4 18. Nxf4 $14) 12. Bg5
h6 13. Bh4 Be7 14. Bxc6 bxc6 $13) 11... exd5 12. Bf4 Bg4 $5 $146 {This kept
the game alive.} (12... Bb4 $142 13. a3 Bxc3 14. Nxc3 Be6 $11) 13. f3 Be6 14.
Bxd6 Qxd6 15. Qd2 f6 16. Nb5 $5 {This is remniscent of what GM Karjakin played
against me. If this knight could be kicked away with a6-b5, White might take
advantage of the weak squares.} Qd7 17. Rac1 Rac8 18. Ng3 Ne7 19. Na3 Qd6 (
19... Qa4 20. Rce1 $14) 20. Rfe1 Bd7 21. Nc2 Nc6 22. Re2 {So far we have had a
normal manoeuvring game where Black's chances were not worse.} Nb4 $2 {An
unforced error.} 23. Nxb4 Rxc1+ 24. Qxc1 Qxb4 25. Qc5 Qxc5 26. dxc5 $16 {
Now White has become clearly better.} Kf7 (26... Re8 $2 27. Rxe8+ Bxe8 28. Kf2)
27. Rd2 Rc8 (27... Ke6 $5 28. Ne2 Bc6 29. Kf2 $16) 28. b4 b6 29. Rxd5 ({
I lost a substantial amount of time convincing myself that} 29. Ne4 $6 dxe4 30.
Rxd7+ Kg6 31. Rxa7 bxc5 32. b5 c4 33. b6 Rb8 $11 {did not work.}) 29... Ke7 30.
Ne4 Be6 (30... Bc6 31. Rd4) 31. Rd3 f5 $1 32. Nd6 (32. Ng5 Bxa2 (32... Bg8 33.
Ra3 bxc5 34. bxc5 Rxc5 35. Rxa7+ Kf6 $11) 33. Ra3 Bg8 $11) 32... Rc6 33. Rc3 a5
34. a3 (34. bxa5 $2 bxc5) 34... axb4 (34... bxc5 $2 35. bxc5 a4 36. Kf2 $16)
35. axb4 bxc5 36. bxc5 Ra6 $44 {This is one of the positions in which the
bishop is better than the knight.} 37. Rc2 (37. Nb5 Ra1+ 38. Kf2 Ra2+ 39. Kg3 (
39. Ke3 Rxg2 40. c6 Rxh2 41. c7 Rb2 (41... Bc8 42. Na7 Kd7 43. Rd3+ Kxc7 44.
Rc3+ Kd7 45. Nxc8 g5 46. Nb6+ Ke6 47. Rc6+ $11) 42. Na7 g5 $11) 39... g5 40. h3
f4+ 41. Kh2 h5 $132 {and White lacked activity.}) 37... Kd7 38. Nb5 Kc6 $1 {
There was nothing to be afraid despte of the fact that White had established a
Tarrasch rook.} 39. Nd4+ Kd5 40. Nxe6 (40. Rd2 Kxc5 41. Nxe6+ Rxe6 42. Rd7 Rg6
$11) 40... Rxe6 41. Kf2 (41. f4 Rc6) 41... f4 42. h4 (42. Rd2+ Kc6 43. Rd8 Kxc5
44. Rd7 Rg6 45. Rf7 Kd6 46. Rxf4 Ke7 47. g4 Ra6 48. h4 $14 {I believe that
here White's advantage would be insignificant.}) 42... Rh6 43. g3 (43. h5 Kc6
44. Rc4 Rf6 45. Re4 Rf5 46. Re7 Rxh5 47. Rxg7 Kxc5 48. Rf7 Rh4 $11) 43... Kc6
44. Rc4 fxg3+ 45. Kxg3 Rh5 46. Ra4 g5 47. Rg4 $6 $138 ({Even my originally
intended} 47. Ra6+ Kb5 48. Kg4 Kxa6 49. Kxh5 gxh4 50. Kxh4 Kb5 51. Kg5 Kxc5 52.
f4 Kd6 53. Kf6 h5 54. Kg5 Ke6 $11 {would end up in a draw.}) 47... gxh4+ 48.
Rxh4 Rxh4 49. Kxh4 Kxc5 50. Kg5 Kd6 51. Kf6 h5 52. Kg5 Ke6 53. f4 h4 1/2-1/2

[Event "RUS-chT 20th"]
[Site "Loo"]
[Date "2013.04.12"]
[Round "6.3"]
[White "Atalik, Suat"]
[Black "Tomashevsky, Evgeny"]
[Result "1/2-1/2"]
[WhiteElo "2593"]
[BlackElo "2722"]
[Annotator "Atalik,S"]
[PlyCount "81"]
[EventDate "2013.04.07"]
[EventType "team-swiss"]
[EventRounds "7"]
[EventCountry "RUS"]
[SourceTitle "EXT 2014"]
[Source "ChessBase"]
[SourceDate "2013.11.20"]
[SourceVersion "1"]
[SourceVersionDate "2013.11.20"]
[SourceQuality "1"]
[WhiteTeam "Kazan"]
[BlackTeam "Saratov Economist SGSEU"]
[WhiteTeamCountry "RUS"]
[BlackTeamCountry "RUS"]

1. d4 Nf6 2. c4 e6 3. Nc3 Bb4 4. e3 {I should always play this against the
Nimzo but some of the set ups with isolanis and hanging pawns are really
difficult to handle.} c5 5. Bd3 Nc6 6. Nge2 cxd4 7. exd4 d5 8. cxd5 (8. O-O $5
{This one is also regarded as being not the most accurate by the current
theory.} O-O (8... dxc4 9. Bxc4 O-O 10. Bg5 Be7 11. a3 b6 12. Qd3 Bb7 13. Rad1
Nd5 14. Bxd5 Bxg5 15. Be4 $14) 9. a3 dxc4 10. Bxc4 Bd6 $1 (10... Be7 11. Bf4
$13) (10... Bxc3 11. bxc3 e5 12. Bg5 $13) 11. h3 b6 12. Bg5 Be7 13. Qd3 Bb7 14.
Rad1 $13) 8... Nxd5 9. O-O O-O (9... Nce7 10. Bg5 $5) 10. Nxd5 $5 ({After my
game with Jobava,I have worked upon} 10. Be4 Bd6 11. Bxd5 exd5 12. Bf4 Bb4 $1
$11) (10. Bc2 $5 Re8 (10... Bd6 11. Qd3 Qh4 12. g3 Qh5 13. Nxd5 exd5 14. Bf4
Be7 15. Bd2 Qg6 $11) (10... Be7 11. Qd3 g6 12. Bb3 Nxc3 13. bxc3 Na5 14. Bh6
Re8 15. Ng3 b6 $132) (10... Nf6 11. Qd3 Be7 12. a3 b6 13. Bg5 g6 14. Rad1 Bb7
15. h4 $13) 11. Qd3 g6 12. Rd1 Bf8 13. Qf3 Bg7 14. Ne4 h6 15. Bd2 Nce7 16. Rac1
b6 17. Ba4 Bd7 18. Bb3 Bc6 19. Qh3 h5 $13) 10... exd5 {The correct recapture.}
(10... Qxd5 $5 11. Qc2 (11. Be3 $5) (11. a3 Be7 12. Qc2 h6 13. Rd1 Bf6 14. Be4
Qa5 15. Bf4 Rd8 16. b4 Qb6 17. Rac1 Nxd4 18. Rxd4 Rxd4 19. Nxd4 Qxd4 20. Rd1
Qb6 21. Be3 Qb5 22. Qc7 Qe8 23. Bc5 $44) 11... h6 12. Rd1 (12. Bh7+ Kh8 13. Be4
Nxd4 14. Nxd4 Qxd4 15. Be3 Qf6 16. Rfd1 e5) 12... Bd6 13. a3 $14) 11. Nf4 Bd6
$5 (11... Be6 12. Nxe6 fxe6 13. Qg4 (13. Qh5 g6 14. Bxg6 hxg6 15. Qxg6+ Kh8 16.
Bg5 Be7 $11) 13... Qf6 14. Be3 Ba5 15. Rad1 Bb6 16. Bb1 $14) 12. Re1 Bxf4 $5 {
A very risky line by my mighty opponent.} (12... Qh4 13. g3 Qg4 (13... Qf6 14.
Nxd5 Qxd4 15. Be3) 14. f3 Qd7 15. Be3 Bc7 16. a3 $14) (12... Qf6 $6 13. Nxd5
Qxd4 14. Be3 $14 Qxb2 $140 $2 15. Qh5 g6 16. Qh4 Be5 17. Rab1 Qa3 18. Bb5 $40)
13. Bxf4 Qf6 14. Qh5 h6 (14... g6 $6 15. Qh6 Qg7 16. Qh4 Qxd4 17. Rad1 $1 $44)
15. Be5 Nxe5 16. Qxe5 $8 (16. Rxe5 $6 Qb6 $1) (16. dxe5 $6 Qf4 $1) 16... Qxe5 (
{Despite of what I have thought during the game} 16... Be6 $5 {is playable.}
17. Qxf6 gxf6 18. f4 $5 $14 (18. Re3 Rfc8 19. Rf3 Kg7 20. Re1 Rc6 21. h3 Rac8
22. Kh2 Rc1 23. Ree3 Rd1 $1 24. Rf4 Rd2 25. Rg3+ Kf8 26. Bf5 $1 $11 (26. Rxf6
Ke7 27. Rf4 (27. Rxh6 Rxf2 $36) 27... Rxb2 $36))) 17. Rxe5 $6 {This one may
not deliver the desired result.} (17. dxe5 g5 18. Rac1 Be6 19. Rc7 d4 20. a4
Rab8 21. f3 $36) 17... Rd8 18. Rc1 Be6 19. f4 (19. Rc7 Rdc8) 19... Rac8 20.
Rxc8 Bxc8 $8 (20... Rxc8 $2 21. f5 Bd7 22. Rxd5 Bc6 23. Rd6 Kf8 24. f6 $16) 21.
Re1 $5 {I have contemplated this after a long thought and I have miscalculated
in some positions.} (21. Be2 f6 22. Re7 (22. Re3 Kf7 23. Ra3 (23. Rc3 Be6)
23... a6 24. Rc3 Be6 25. Rb3 b5 26. Ra3 Rd6 27. Rc3 Bf5 $11) 22... Bd7 23. Bf3
Kf8 24. Re3 Bc6 $11) (21. Bb5 Kf8) 21... Bd7 22. Rc1 Rc8 23. Rc5 b6 24. Rxc8+ (
24. Rxd5 Be6 25. Re5 Rd8 26. Kf2 Rxd4 27. Ke3 Rd5 $1 $11 {is the move I have
missed.}) 24... Bxc8 25. f5 $6 {The start of a bad plan.} (25. Kf2 $11) 25...
Kf8 26. Kf2 $2 {Playing fast and bad I have completely missed the tactical
line and as usual I have seen him only after having played my move.} (26. g4 $1
Ke7 27. Kf2 Kf6 28. Kg3 h5 29. h3 hxg4 30. hxg4 Kg5 31. Bb5 g6 32. fxg6 fxg6
33. Be2 $11) 26... Ke7 27. Ke3 Kf6 28. Kf4 g6 $2 {My opponent who was very
relaxed surrendered himself into the hands of a draw.} (28... Bxf5 $1 29. Bxf5
g5+ 30. Kg4 h5+ 31. Kxh5 Kxf5 32. g3 (32. h3 f6 33. g3 Ke4 34. Kg6 Kxd4 35. h4
gxh4 36. gxh4 Ke4 (36... Kc5 37. h5 d4 38. h6 d3 39. h7 d2 40. h8=Q d1=Q 41.
Qc8+ Kb5 42. Qf5+ Kc4 43. Kxf6 Qd4+ 44. Kf7 Qxb2 (44... Qd5+ 45. Qxd5+ Kxd5 46.
Ke7 $11) 45. Qe6+ Kc3 46. Qf6+ Kc2 47. Qf5+ Kc1 48. Qf1+ Kc2 49. Qf5+ $11 {
gives perpetual.}) 37. h5 d4 38. h6 d3 39. h7 d2 40. h8=Q d1=Q 41. Qa8+ Ke5 42.
Qe8+ Kf4 43. Qb8+ Kg4 44. Qc8+ Kh4 45. Qc3 $11) (32. g4+ $2 Kf4 33. b3 a5 34.
a4 f5 35. gxf5 (35. h3 Ke4) 35... Kxf5 36. Kh6 g4 37. Kh5 Ke4 38. Kxg4 Kxd4 39.
h4 Ke3 40. h5 d4 41. h6 d3 42. h7 d2 43. h8=Q d1=Q+ 44. Kf5 Qd5+ 45. Kg6 Qd3+
$17) 32... f6 33. h4 gxh4 (33... Ke4 34. Kg6) 34. gxh4 Ke4 35. Kg6 f5 36. h5 f4
37. h6 f3 38. h7 f2 39. h8=Q f1=Q 40. Qe5+ Kd3 41. Qxd5 Qg1+ 42. Kf7 Qxd4 43.
Qb3+ Kd2 44. Ke6 Qc5 (44... Kc1 45. Qa3 b5 46. Qc3+ $3 Qxc3 47. bxc3 Kb2 48.
Kd5 Kxa2 49. Kc5 $11 {draws on the spot.}) 45. Kd7 $11) 29. fxg6 fxg6 30. h4
g5+ 31. hxg5+ hxg5+ 32. Kf3 Bf5 33. Bxf5 Kxf5 34. g4+ Ke6 35. b4 Kd6 36. b5 Ke6
37. a4 Kd6 38. Kg2 Kc7 39. Kh1 Kb7 40. Kg1 a5 41. Kh2 1/2-1/2

[Event "EU-ch 17th"]
[Site "Gjakova"]
[Date "2016.05.15"]
[Round "4"]
[White "Jobava, Baadur"]
[Black "Parligras, Mircea Emilian"]
[Result "1-0"]
[WhiteElo "2661"]
[BlackElo "2599"]
[Annotator "Baldauf,M"]
[PlyCount "79"]
[EventDate "2016.05.12"]
[EventType "swiss"]
[EventRounds "11"]
[EventCountry "KOS"]
[SourceTitle "CBM 173"]
[Source "ChessBase"]
[SourceDate "2016.07.12"]
[SourceVersion "1"]
[SourceVersionDate "2016.07.12"]
[SourceQuality "1"]

1. d4 Nf6 2. c4 e6 3. Nc3 Bb4 4. e3 {für Jobava, von dem man in der Regel 1.b3
oder 2.Sc3 gewohnt ist, eine vergleichsweise solide Eröffnungswahl.} O-O 5. Bd3
d5 6. cxd5 exd5 7. Nge2 Re8 8. Bd2 (8. O-O Bd6 9. f3 c5 10. Nb5 Bf8 11. dxc5
Bxc5 12. Nbd4 {mit Isolaniestruktur ist eine alternative Behandlung dieser
Stellung}) 8... Bd6 9. Rc1 a6 (9... c6 10. f3 Nbd7 {ist zu langsam} 11. O-O Nf8
12. h3 Ne6 13. Be1 $14) 10. O-O Nc6 $6 (10... c5 11. dxc5 Bxc5 12. Nf4 $14) (
10... b6 11. Nf4 Bb7 12. Qf3 Bf8 13. Rfd1 $13) 11. f3 Nb4 12. Bb1 c5 13. Kh1
Nc6 {das schwarze Manöver erscheint doch zu langsam zu sein} 14. Be1 cxd4 15.
exd4 Nh5 $6 16. Qd2 {überdeckt das Feld f4 ein weiteres Mal und zwingt Schwarz
im nächsten Zug wieder zum Rückzug} (16. g4 $2 Nf4 $11) 16... Be6 17. g4 Nf6
18. Bh4 {Diagramm [#] die schwarze Stellung sollte alles in allem noch ok sein,
doch Weiß hat viele Ideen und Möglichkeiten weiter Druck aufzubauen während
Parligras zur Verteidigung verdammt ist} Be7 19. Nf4 Nd7 20. Bxe7 Nxe7 21. Rce1
Nf8 22. Nh5 {räumt das Feld f4 für einen möglichen Bauernvorstoß oder den
zweiten Springer, der auf keine Aufgaben hat} Nc6 23. Ne2 f6 24. Neg3 Rc8 25.
h4 Rc7 (25... Qa5 26. Nxf6+ $5 (26. Qg2 $14) 26... gxf6 27. Qh6 Qc7 $140 28.
Nh5 $16 {[%cal Gh5f6]}) 26. Nf4 Rce7 27. h5 Bf7 {Diagramm [#]} 28. Rd1 $1 {
Schwarz hat keine Einbruchsfelder auf der offenen e-Linie, sodass es keinen
Grund gibt den entlastenden Turmtausch zuzulassen} Qa5 29. Nf5 Rd7 30. Qf2 Qc7
31. Nd3 Be6 32. Rfe1 Rdd8 33. Rg1 Kh8 34. Qh4 Qf7 35. Nf4 Bxf5 $2 (35... Bc8
$14 {mit passiver Verteidigung}) 36. gxf5 h6 37. Rg2 Rd7 38. Rdg1 Nxd4 $4 {
Diagramm [#] schließlich bricht Parligras unter dem dauerhaft anhaltenden
Druck zusammen} (38... Nh7 39. Rxg7 Qxg7 40. Rxg7 Rxg7 41. Ng6+ Kg8 42. a3 $1
$16 {[%cal Gb1a2]}) 39. Ng6+ Nxg6 40. hxg6 {[%cal Gh4d4]} 1-0

[Event "EU-ch 17th"]
[Site "Gjakova"]
[Date "2016.05.20"]
[Round "8"]
[White "Navara, David"]
[Black "Inarkiev, Ernesto"]
[Result "0-1"]
[WhiteElo "2735"]
[BlackElo "2686"]
[Annotator "Besenthal,K"]
[PlyCount "74"]
[EventDate "2016.05.12"]
[EventType "swiss"]
[EventRounds "11"]
[EventCountry "KOS"]
[SourceTitle "CBM 173"]
[Source "ChessBase"]
[SourceDate "2016.07.12"]
[SourceVersion "1"]
[SourceVersionDate "2016.07.12"]
[SourceQuality "1"]

1. d4 Nf6 2. c4 e6 3. Nc3 Bb4 4. e3 O-O 5. Bd3 d5 6. cxd5 exd5 7. Nge2 Re8 8.
O-O Bf8 9. Bd2 b6 10. Nf4 (10. Rc1 {führte zwischen zwei anderen ganz Großen
zu ähnlichen Strukturen:} c5 11. Nf4 Ba6 12. Qf3 Bxd3 13. Nxd3 Nc6 14. dxc5
bxc5 15. Rfd1 c4 16. Nf4 Ne5 17. Qh3 Rb8 18. Rc2 Nd3 19. Qf3 d4 20. exd4 Rxb2
21. Rxb2 Nxb2 22. Rc1 Qxd4 23. Be3 Qe5 24. g3 Nd3 25. Nxd3 cxd3 26. Bd2 Qd4 27.
Rb1 Qc4 28. Rb3 Bb4 29. Kg2 a5 30. Nb1 Rd8 31. Bxb4 axb4 32. Nd2 Qc2 33. Qf4
Nd5 34. Qh4 f6 35. Qc4 Qxd2 {0-1 (35) Nakamura,H (2774)-Gelfand,B (2733) Monte
Carlo 2011}) 10... Bb7 11. Qf3 a6 12. Rad1 Ra7 13. Bc2 c5 14. dxc5 bxc5 15. Qh3
g6 {Diagramm [#] Sichert den Punkt h7.} 16. Nce2 Bc6 17. Bc3 Nbd7 18. Bb3 Qa8 {
Diagramm [#] Schwarz hat die hängenden Bauern konsolidiert. Mit seinem
Raumvorteil steht er nun sogar einen Tick besser...} 19. g4 $2 {... und so
gesehen ist diese "Schwächung" eigentlich vollkommen unverständlich.} ({Mit} 
19. Rd2 {kleine Brötchen zu backen war besser.}) 19... Ne5 $1 {Legt den
Finger bereits auf die frische Wunde f3.} 20. g5 $2 {Das ist endgültig zu
viel.} (20. Bxe5 Rxe5 21. Qg3 Ne4 22. Qg2 {war notwendig.}) 20... d4 $1 21. f3
dxc3 22. gxf6 c4 23. Bc2 Nxf3+ {Diagramm [#] Nur vier Züge nach seinem
"Angriff" g2-g4 steht Navara vor einem Scherbenhaufen.} 24. Kf2 cxb2 (24...
Rxe3 $1 {war auch möglich.}) 25. Qg3 Qb8 (25... Rxe3 $1) 26. Nc3 Ne5 27. h4
Rd7 28. h5 Qd8 29. hxg6 fxg6 30. Rxd7 Qxd7 31. Kg1 Kf7 32. Ne4 Bh6 33. Qh4 Bxe4
34. Bxe4 Qg4+ 35. Qxg4 Nxg4 36. Bd5+ Kxf6 37. Nxg6+ Kg5 0-1

[Event "Interzonal-14b"]
[Site "Szirak"]
[Date "1987.??.??"]
[Round "10"]
[White "Milos, Gilberto"]
[Black "Portisch, Lajos"]
[Result "0-1"]
[WhiteElo "2495"]
[BlackElo "2615"]
[Annotator "Blatny,P"]
[PlyCount "76"]
[EventDate "1987.07.??"]
[EventType "tourn"]
[EventRounds "17"]
[EventCountry "HUN"]
[EventCategory "12"]
[SourceTitle "CBM 003"]
[Source "ChessBase"]
[SourceDate "1988.04.01"]
[SourceVersion "1"]
[SourceVersionDate "1988.04.01"]
[SourceQuality "1"]

1. d4 Nf6 2. c4 e6 3. Nc3 Bb4 4. e3 c5 5. Bd3 Nc6 6. Nge2 d5 7. cxd5 Nxd5 8.
O-O cxd4 9. exd4 O-O 10. Qc2 (10. Bc2 {/\Qd3}) 10... h6 11. Rd1 Bd6 $1 12. a3 (
12. Be4 $142) 12... Nce7 $1 $15 {><d5} (12... Bd7) 13. Be4 Nf6 14. Bf3 Qc7 15.
g3 Bd7 16. Bf4 Bc6 17. Nb5 Qb6 (17... Bxb5 $142 18. Qxc7 Bxc7 19. Bxc7 Ned5 $15
(19... Bc6 20. Bxc6 Nxc6 21. Nc3 Rac8 22. Be5 Nd5 $15)) 18. Bxc6 (18. Bxd6 Bxf3
19. Bxe7 Qxb5 20. Bxf8 Bxe2 21. Rd2 (21. Re1 Bd3) 21... Bf3 22. Be7 (22. Bb4
Ne4 23. Rd3 Ng5 $17) (22. Bd6 Ne4) 22... Qh5 23. Qd3 Nd5 {/\ Nf4-/+}) 18...
Bxf4 19. Nxf4 Nxc6 20. Qc5 $1 Rfd8 21. Rac1 Rd7 {/\ Qd8} 22. Qxb6 axb6 23. Rd3
$1 {>< b6} Rad8 24. Rb3 Ne4 $1 25. Ne2 (25. f3 Nd2 26. Rd3 Nxd4 $17) 25... e5
26. dxe5 $2 (26. d5 $142 $1 Na5 (26... Rxd5 27. Nbc3 Nxc3 28. Nxc3 Rd2 29. Rxb6
$10) (26... Ne7 27. Nbc3 $10) 27. Re3 Rxd5 28. Rxe4 Rxb5 29. b4 Nb3 30. Rc7 Nd2
31. Re3 e4 32. Rxb7 f5 $15) 26... Nxe5 $17 27. Nbc3 Nd3 28. Rd1 (28. Rf1 Nd2)
28... Nexf2 29. Rf1 Ng4 30. Rxb6 Ne3 31. Rb1 (31. Rf3 Nc4) 31... Re8 32. Rb5
Re6 33. a4 g5 $1 $19 {/\ f5-f4} 34. a5 f5 35. Nc1 Ne5 36. Nb3 Nf3+ 37. Kh1 Red6
38. Rc1 Rd2 0-1

[Event "Bugojno"]
[Site "Bugojno"]
[Date "1978.03.06"]
[Round "8"]
[White "Karpov, Anatoly"]
[Black "Tal, Mihail"]
[Result "1/2-1/2"]
[WhiteElo "2725"]
[BlackElo "2625"]
[Annotator "Bulletin"]
[PlyCount "43"]
[EventDate "1978.02.27"]
[EventType "tourn"]
[EventRounds "15"]
[EventCountry "YUG"]
[EventCategory "14"]
[SourceTitle "MCL"]
[Source "ChessBase"]
[SourceDate "1999.07.01"]
[SourceVersion "1"]
[SourceVersionDate "1999.07.01"]
[SourceQuality "1"]

1. d4 Nf6 2. c4 e6 3. Nc3 Bb4 4. e3 O-O 5. Bd3 d5 6. Nge2 c5 7. cxd5 cxd4 8.
exd4 Nxd5 9. O-O Nc6 10. a3 Bd6 (10... Be7 11. Qc2 h6 12. Rd1 Nxc3 13. bxc3 b6
14. Ng3 Bb7 15. Qe2 Na5 $10 {Steiner-Evans, USA 1952}) 11. Ne4 Be7 12. Qc2 Bd7
13. Nc5 h6 14. b4 (14. Nxb7 Qb6 $6 (14... Nxd4) (14... Qc7) 15. Nc5 Nxd4 16.
Nxd7 $14) 14... Bf6 15. Bb2 Qc7 16. Rac1 Bg5 17. Rcd1 Rac8 18. Qb3 Nce7 19. b5
Rfd8 20. a4 Be8 21. g3 b6 22. Ne4 {22..Notation fehlt. 23 Rde1} 1/2-1/2